000 00692nam a2200193 i 4500
001 32541
003 ES-MaACL
007 t|
008 030131s1945 sp ||||1| spa d
100 1 _aBerini Ferrán, Juan.
_928027
245 1 0 _aPatología focal amigdalar
_b: estudio de la influencia de la infección latente de la amígdala en la etiología de múltiples infecciones orgánicas /
_cpor Juan Berini Ferrán.
250 _a2ª ed.
260 _aBarcelona :
_bSalvat,
_c1945 (
_fImp. Hispano-Americana)
300 _a110 p. ;
_c23 cm.
490 1 _aManuales de medicina práctica
830 0 _aManuales de medicina práctica
_9181070
852 _aES-MaACL
_jE-621
999 _c32541
_d32541